| 000 | 00528nam a22002177a 4500 | ||
|---|---|---|---|
| 003 | UA-OsUOA | ||
| 001 | 119098 | ||
| 007 | ta | ||
| 008 | 20161005b un ||||| |||| 00| 0 ukr d | ||
| 100 | _aМушг А. | ||
| 090 |
_a830 _bМ93 |
||
| 942 | _cBK | ||
| 040 |
_aUA-OsUOA _brus _cUA-OsUOA _dUA-OsUOA |
||
| 245 | _aПоехдка в Швейцарию | ||
| 300 | _a189 с. | ||
| 955 | _a3 | ||
| 041 | _arus | ||
| 080 | _a830 | ||
| 260 |
_aМ. _bПрогресс _c1978 |
||
| 650 | 7 |
_a830 Німецька література _2UDC |
|
| 999 |
_c405009 _d405009 |
||